Phytoplankton community composition turnover along environmental gradients : generalized dissimilarity modelling in coastal waters of the Aegean Sea

Αποθηκεύτηκε σε:
Λεπτομέρειες βιβλιογραφικής εγγραφής
Κύριος συγγραφέας: Ταξείδη, Μαρία
Συλλογικό Έργο: Πανεπιστήμιο Αιγαίου Ελληνογαλλικό Πρόγραμμα Μεταπτυχιακών Σπουδών Διατήρηση της Βιοποικιλότητας Σχολή Περιβάλλοντος, Universite des sciences et techniques du Languedoc
Άλλοι συγγραφείς: Σπαθάρη, Σοφία (Εισηγητής διατριβής), Τσιρτσής, Γεώργιος Ε. (Εισηγητής διατριβής)
Μορφή: Thesis Βιβλίο
Γλώσσα:English
Δημοσίευση: 2009
Θέματα:
Ετικέτες: Προσθήκη ετικέτας
Δεν υπάρχουν, Καταχωρήστε ετικέτα πρώτοι!

MARC

LEADER 00000cam a2200000 i 4500
001 1/7219
008 100506s2009 eng d
035 |l 10107785 
040 |a GR-MY-UA  |b gre  |e aacr 
041 0 |a eng 
082 0 |a 589.4  |2 (22) 
100 1 |a Ταξείδη, Μαρία. 
245 1 0 |a Phytoplankton community composition turnover along environmental gradients :  |b generalized dissimilarity modelling in coastal waters of the Aegean Sea /  |c Taxeidi Maria ; supervisors: Tsirtsis George, Spathari Sofia 
260 |c 2009 
300 |a 33 σ.  |b πιν. 
502 |a Διατριβή (μεταπτυχιακή) – Πανεπιστήμιο Αιγαίου, Λέσβος, 2009. 
504 |a Βιβλιογραφία: σ. 27-33 
506 0 |a Ηλεκτρονική διάθεση στο πλήρες κείμενο - ελεύθερης πρόσβασης.  
540 |a Κλειδωμένη η δυνατότητα αντιγραφής (copy) από το ηλεκτρονικό κείμενο.  
650 0 0 |a Phytoplankton  |x Ecology. 
650 0 0 |a Phytoplankton  |x Research. 
650 0 0 |a Marine biological diversity  |z Aegean Sea. 
650 0 0 |a Marine ecology. 
650 0 0 |a Coastal ecology. 
650 0 0 |a Dissertations, Academic  |z Greece. 
700 1 |a Σπαθάρη, Σοφία.  |4 ths 
700 1 |4 ths  |a Τσιρτσής, Γεώργιος Ε. 
710 2 |a Πανεπιστήμιο Αιγαίου Ελληνογαλλικό Πρόγραμμα Μεταπτυχιακών Σπουδών Διατήρηση της Βιοποικιλότητας  |b Σχολή Περιβάλλοντος. 
710 2 |a Universite des sciences et techniques du Languedoc. 
852 |a INST  |b LESVOS  |c DIATR  |e 20100506  |h 5  |p 005100047176  |q 005100047176  |t MTXE  |y 23 
852 |a INST  |b LESVOS  |c DIATR  |e 20100506  |h 6  |p 005100047177  |q 005100047177  |t MTXE  |y 23 
901 |a BIBL1-2010-2 
909 |a Λ  |b 163197 
909 |a Λ  |b 163198 
924 |a ΤΑΞΕΙΔΗ  |b ΜΑΡΙΑ  |y ΛΕΣΒΟΣ  |z 2009-11 
970 |a ΤΖΑΦΕΡΗ  |b ΕΥΑΓΓΕΛΙΑ  |z 2010/05/06